Statistiques concernant 15 principaux pays touchés par Covid-19 - 13 avril 2022

Cliquez ici pour prendre le quiz!

Statistiques générales

  • Ce quiz a été pris 37 fois
  • Le résultat moyen est 15 sur 29

Statistiques - réponses

pays% Correct
France
100%
Espagne
97%
États-Unis
97%
Allemagne
91%
Russie
91%
Brésil
88%
Italie
88%
Inde
84%
Royaume-Uni
78%
Belgique
72%
Argentine
69%
Portugal
66%
Suisse
66%
Corée du Sud
59%
Pays-Bas
53%
Pays-Bas
53%
Turquie
47%
Autriche
38%
Danemark
34%
Iran
34%
Tchèquie
25%
Estonie
19%
Lettonie
19%
Lituanie
19%
Viêt Nam
19%
Slovénie
16%
Israël
13%
Chypre
3%
Géorgie
3%

Distribution des résultats

Percentile par nombre de réponses

% des personnes avec chaque résultat

Votre développement - résultats

Vous n’avez pas pris ce quiz